[Event "GCT Saint Louis Rapid 2018"]
[Site "Saint Louis"]
[Date "2018.08.11"]
[Round "1"]
[White "So, Wesley"]
[Black "Mamedyarov, Shakhriyar"]
[Result "0-1"]
[WhiteElo "2852"]
[BlackElo "2754"]
[Annotator "TA"]
[PlyCount "60"]
[EventDate "2018.08.11"]
[EventType "tourn"]
[EventCountry "USA"]
[SourceTitle "playchess.com"]
[Source "ChessBase"]
[SourceQuality "1"]

{[%evp 17,60,7,4,-16,-19,-14,-6,-15,-14,-83,-79,-101,-118,-109,-60,-58,-47,-51,-57,-58,-41,-33,-35,-37,0,0,0,-220,-220,-330,-331,-334,-331,-314,-300,-458,-454,-439,-460,-376,-447,-449,-447,-422,-439]} 1. e4 e5 2. Nf3 Nc6 3. Bc4 Nf6 4. Nc3 Nxe4 5. Nxe4 d5 6. Bd3 dxe4 7. Bxe4 Bd6 8. O-O O-O 9. Re1 {C55: Two Knights: 4 d3, 4 d4 exd4 5 e5 and Max Lange Attack} Bg4 {LiveBook: 6 Games} (9... Re8 10. d3 Bg4 11. h3 Bh5 12. c3 Bg6 13. Be3 Qd7 14. Nh4 f5 15. Bxc6 Qxc6 16. Nxg6 hxg6 {½-½ (57) Ivanchuk,V (2739)-Karjakin,S (2723) Moscow 2009}) 10. h3 Bh5 $1 11. g4 {The position is equal.} Bg6 12. d3 $146 ({Predecessor:} 12. Bxc6 bxc6 13. Nxe5 Qh4 14. Kg2 Bxe5 15. Rxe5 f5 16. f3 fxg4 17. hxg4 {½-½ (28) Llanes Hurtado,M (2285)-Gonzalez Diaz,D (2250) Santiago 1995}) 12... f5 13. gxf5 (13. Bxc6 $11 bxc6 14. Bg5 (14. Nxe5 Qh4 $15)) 13... Bxf5 $17 14. Bxf5 Rxf5 15. Be3 Bc5 16. Bxc5 Qd5 17. Nd2 {[#] And now Ne4 would win.} Qxc5 18. Ne4 Qe7 19. c3 Raf8 20. Qb3+ Kh8 {...Qh4 is the strong threat.} 21. Qxb7 Nd8 $36 {[%cal Bc6d8,Bd8e6,Be6g5][%mdl 2080] Black has some pressure.} 22. Qb4 $2 {[#]} (22. Qxa7 $11 Ne6 23. Re3) 22... Qh4 $1 $19 23. Ng3 (23. Re3 {was the only chance.} Ne6 24. Rg3) 23... Rf4 24. Re4 {Black must now prevent Qxf8+!} Ne6 25. Rxf4 exf4 26. Re1 (26. Kg2 $142 Qg5 27. h4 Qxh4 28. Rh1) 26... a5 27. Qe4 Ng5 28. Qe7 {[%cal Re7f8]} Kg8 29. Re4 Nxh3+ 30. Kg2 Ng5 {Precision: White = 54%, Black = 79%.} 0-1

[Event "GCT Saint Louis Rapid 2018"]
[Site "Saint Louis"]
[Date "2018.08.11"]
[Round "1"]
[White "Dominguez Perez, Leinier"]
[Black "Vachier-Lagrave, Maxime"]
[Result "1/2-1/2"]
[WhiteElo "2826"]
[BlackElo "2798"]
[Annotator "TA"]
[PlyCount "71"]
[EventDate "2018.08.11"]
[EventType "tourn"]
[EventCountry "USA"]
[SourceTitle "playchess.com"]
[Source "ChessBase"]
[SourceQuality "1"]

{[%evp 18,71,56,47,56,54,51,43,43,46,46,46,46,47,50,43,43,43,43,43,43,44,44,43,46,47,50,43,45,40,40,40,41,37,41,30,89,91,106,98,112,72,89,52,99,102,103,60,82,75,58,0,72,0,74,0]} 1. Nf3 c5 2. c4 Nc6 3. Nc3 e5 {[%cal Be7e5,Be5e4][%mdl 32]} 4. e3 Nf6 5. d4 e4 6. d5 {A34: Symmetrical English: 2 Nc3, lines with ...d5} exf3 7. dxc6 fxg2 8. cxd7+ Bxd7 9. Bxg2 g6 10. b3 {LiveBook: 6 Games} Bg7 11. Qd6 Qb6 12. Qe5+ Kf8 13. Bb2 {[#] Black must now prevent Nd5.} Nh5 $146 14. Qd5 Bc6 15. Qd6+ Kg8 16. Bxc6 {aiming for Nd5.} Rd8 $1 {[%cal Rd8d6]} 17. Qe7 bxc6 18. Rd1 Rxd1+ 19. Kxd1 Bf6 $1 {[%cal Rf6e7]} 20. Qe4 Kg7 21. Kc2 Qc7 22. h3 Rd8 23. Qf3 Kg8 24. Rd1 Rxd1 25. Nxd1 Be7 26. Bc3 Ng7 (26... f5 $11 {keeps the balance.}) 27. Nb2 $16 Nf5 28. Nd3 f6 29. Nf4 Kf7 30. Qg4 Bd6 31. Nd3 Be7 32. Kd2 Qd6 33. Ke2 Qe6 34. Kd2 Qd6 $1 35. Ke2 Qe6 $1 36. Kd2 {Precision: White = 55%, Black = 75%.} ({White should try} 36. Bb2 $16) 1/2-1/2

[Event "GCT Saint Louis Rapid 2018"]
[Site "Saint Louis"]
[Date "2018.08.11"]
[Round "1"]
[White "Karjakin, Sergey"]
[Black "Aronian, Levon"]
[Result "1/2-1/2"]
[WhiteElo "2793"]
[BlackElo "2806"]
[Annotator "TA"]
[PlyCount "101"]
[EventDate "2018.08.11"]
[EventType "tourn"]
[EventCountry "USA"]
[SourceTitle "playchess.com"]
[Source "ChessBase"]
[SourceQuality "1"]

{[%evp 20,101,21,10,39,32,36,30,41,30,30,30,20,23,30,30,29,25,21,0,0,0,0,0,0,0,0,0,11,3,4,3,0,0,2,0,0,0,0,0,1,0,0,0,0,0,0,0,0,0,0,0,0,0,0,0,0,0,0,0,0,0,0,0,0,-8,-8,-8,-8,-8,-8,-8,-8,-8,-8,-8,-8,-8,0,0,0,0,0,-8]} 1. Nf3 Nf6 2. g3 d5 3. Bg2 Bf5 4. c4 c6 5. O-O e6 6. cxd5 cxd5 7. Qb3 Qb6 8. Qxb6 axb6 9. d3 Nc6 10. Nc3 Bc5 {A11: Reti-Eröffnung} 11. Bd2 {LiveBook: 8 Partien} (11. Nh4 Bg6 12. Nxg6 hxg6 13. a3 Kd7 14. Bd2 Nd4 15. Rad1 Nb3 16. Bf4 Bd4 17. Nb5 Rhc8 18. Nxd4 Nxd4 {½-½ (55) Vachier Lagrave,M (2789)-Aronian,L (2764) Leuven 2018}) 11... Ke7 12. Rfc1 Rhc8 {Weiß steht etwas besser.} 13. Nb5 Bg4 14. a3 Ne8 15. h3 $146 ({Vorgänger:} 15. e3 f6 16. Ne1 Nc7 17. Nxc7 Rxc7 18. Rc3 {½-½ (30) Maedler,J-Zinn,L Magdeburg 1964}) 15... Bxf3 $1 16. Bxf3 Nd6 17. Nxd6 Bxd6 18. e3 b5 19. d4 {Die Stellung ist ausgeglichen.} b4 20. axb4 Rxa1 21. Rxa1 {zielt auf b5 ab.} Bxb4 22. Bc3 Bxc3 23. bxc3 $11 {[%mdl 4096] Endspiel KTL-KTS} b5 24. Rb1 Rb8 25. Be2 b4 26. cxb4 Rxb4 27. Rxb4 (27. Ra1 {is interesting.} g6 28. g4 g5 29. Ra6 Nb8 30. Ra7+) 27... Nxb4 {KL-KS} 28. Kf1 Kd6 29. Ke1 e5 30. dxe5+ Kxe5 31. h4 d4 32. exd4+ Kxd4 33. Kf1 Nc6 34. Bf3 Ne5 35. Be2 Kc3 36. Ba6 Kd2 37. Bb5 f6 38. Ba6 h6 39. Bb5 g6 40. Be8 g5 $1 41. hxg5 hxg5 42. f4 gxf4 43. gxf4 Nd3 44. f5 Ke3 45. Bd7 Nc5 46. Bc8 Ne4 47. Kg2 Kf4 48. Be6 Ng3 49. Kf2 Nxf5 50. Bxf5 Kxf5 51. Kf3 {Precision: Weiß = 78%, Schwarz = 84%.} 1/2-1/2

[Event "GCT Saint Louis Rapid 2018"]
[Site "Saint Louis"]
[Date "2018.08.11"]
[Round "1"]
[White "Anand, Viswanathan"]
[Black "Nakamura, Hikaru"]
[Result "1-0"]
[WhiteElo "2758"]
[BlackElo "2824"]
[Annotator "TA"]
[PlyCount "69"]
[EventDate "2018.08.11"]
[EventType "tourn"]
[EventCountry "USA"]
[SourceTitle "playchess.com"]
[Source "ChessBase"]
[SourceQuality "1"]

{[%evp 20,69,9,9,20,-15,0,0,5,0,2,0,96,95,95,87,74,85,106,118,142,149,439,404,411,426,420,429,430,426,538,554,554,549,544,545,545,293,537,533,532,528,524,492,558,541,522,504,521,516,511,501]} 1. e4 e5 2. Nf3 Nc6 3. Bb5 Nf6 4. d3 Bc5 5. O-O Nd4 6. Nxd4 Bxd4 7. c3 {C65: Ruy Lopez: Berlin Defence (3...Nf6), unusual lines and 4 0-0 Bc5} (7. Ba4 O-O 8. Nd2 d5 9. exd5 Qxd5 10. Bb3 Qc6 11. Qf3 Bd7 12. h3 Rae8 13. Re1 b5 14. Qxc6 Bxc6 {½-½ (78) Caruana,F (2816)-Karjakin,S (2782) Paris 2018}) (7. Nd2 a6 8. Ba4 b5 9. Bb3 d6 10. a4 Bb6 11. axb5 Bg4 12. Nf3 axb5 13. Rxa8 Qxa8 14. h3 Be6 15. Bxe6 fxe6 {½-½ (28) Anand,V (2762)-Nakamura,H (2790) Moscow 2016}) 7... Bb6 8. Na3 c6 9. Ba4 d6 10. Nc4 Bc7 11. Bb3 {LiveBook: 11 Games} h6 12. Ne3 d5 13. exd5 cxd5 14. d4 e4 $1 15. f3 $146 Qd6 (15... Be6 $11) 16. g3 $16 O-O 17. fxe4 dxe4 18. Nf5 Bxf5 19. Rxf5 Rae8 20. Be3 h5 $2 {[%mdl 8192]} (20... Qa6 $16 {keeps fighting.} 21. Qf1 Qxf1+ 22. Raxf1 Kh7) 21. Bf4 $18 Qd7 {[#]} 22. Rxf6 $1 {[%mdl 512]} gxf6 23. Bxc7 Qxc7 24. Qxh5 {Threatens to win with Rf1.} e3 25. Qg6+ Kh8 26. Qxf6+ Kg8 27. Qg6+ Kh8 28. Qh6+ Kg8 29. Bc2 {[%csl Gc2][%cal Rh6h7] [#] White is clearly winning.} f5 30. Bb3+ Rf7 31. Re1 Qe7 32. Qg6+ Kf8 33. Qxf7+ Qxf7 34. Bxf7 Kxf7 35. Kg2 {Precision: White = 81%, Black = 47%.} 1-0

[Event "GCT Saint Louis Rapid 2018"]
[Site "Saint Louis"]
[Date "2018.08.11"]
[Round "1"]
[White "Grischuk, Alexander"]
[Black "Caruana, Fabiano"]
[Result "0-1"]
[WhiteElo "2751"]
[BlackElo "2738"]
[Annotator "TA"]
[PlyCount "62"]
[EventDate "2018.08.11"]
[EventType "tourn"]
[EventCountry "USA"]
[SourceTitle "playchess.com"]
[Source "ChessBase"]
[SourceQuality "1"]

{[%evp 10,62,39,26,28,9,23,28,39,23,37,36,64,62,54,52,79,35,25,22,59,0,0,0,0,0,0,-87,0,0,0,-71,-81,-88,-51,-117,-101,-106,-121,-116,-132,-89,-103,-282,-354,-620,-633,-922,-910,-29995,-5685,-4612,-3187,-29997,-29998]} 1. Nf3 d5 2. b3 c5 3. e3 Nc6 4. Bb2 f6 (4... Nf6 5. Bb5 e6 6. Bxc6+ bxc6 7. d3 Bd6 8. Nbd2 O-O 9. e4 Nd7 10. e5 Be7 11. O-O Rb8 12. Re1 Qc7 13. c4 Rd8 {1-0 (38) Nakamura,H (2777)-Hou,Y (2658) chess.com INT 2018}) 5. d4 cxd4 6. exd4 {LiveBook: 3 Partien. A06: Zukertort-Eröffnung} Bg4 7. Be2 Qd7 8. O-O {Weiß hat minimalen Vorteil.} e6 9. Re1 $146 ({Vorgänger:} 9. c4 Bd6 10. Nc3 Nge7 11. Re1 O-O 12. Qd2 Bxf3 13. Bxf3 dxc4 14. bxc4 Nxd4 {0-1 (54) Radnaev,A (2040)-Baglaev,E (2090) Ulan Ude 2013}) 9... O-O-O 10. Nbd2 Bd6 11. a3 Nge7 12. c4 Bf4 13. c5 h5 $1 14. b4 a6 $1 15. Qa4 (15. b5 $14 axb5 16. Bxb5) 15... Qc7 $11 16. b5 axb5 $1 17. Bxb5 g5 18. Bc3 (18. g3 $11 {bleibt in der Remisbreite.} Bxd2 19. Nxd2) 18... Bf5 (18... h4 $1 $17) 19. Nf1 h4 {[%cal Bh5h4,Bh4g3,Bg3g2][%mdl 32]} 20. Qa8+ (20. Ne3 $11 Bxe3 21. fxe3 (21. Rxe3 g4 $11)) 20... Kd7 $1 $17 21. Qa4 {Droht La5.} Ra8 $36 {[%mdl 2048] Schwarz hat Druck.} 22. Qd1 ({Lieber} 22. Qb3 $15) 22... g4 23. N3d2 g3 24. fxg3 hxg3 25. h3 Rag8 26. Ne3 $2 {[#]} (26. Nf3 $17) 26... Bxh3 $1 $19 {[%mdl 512]} 27. gxh3 $2 {[#]} (27. Qf3 Bxe3+ 28. Qxe3) 27... g2 $1 ({Und nicht} 27... Bxe3+ 28. Rxe3 Nf5 29. Qf3 $15) 28. Ng4 {Und De2 würde nun gewinnen.} Rxh3 29. Qe2 Rxg4 (29... Bh2+ $142 30. Kxg2 Qg3+ 31. Kh1 Bg1+ 32. Nh2 Rxh2+ 33. Qxh2 Qxh2#) 30. Qxe6+ Kd8 {( -> ...Le3+!)} 31. Qxg4 Be3+ {Precision: Weiß = 31%, Schwarz = 69%.} 0-1

[Event "GCT Saint Louis Rapid 2018"]
[Site "Saint Louis"]
[Date "2018.08.11"]
[Round "2"]
[White "Nakamura, Hikaru"]
[Black "So, Wesley"]
[Result "1-0"]
[WhiteElo "2812"]
[BlackElo "2794"]
[Annotator "TA"]
[PlyCount "117"]
[EventDate "2018.08.11"]
[EventType "tourn"]
[EventCountry "USA"]
[SourceTitle "playchess.com"]
[Source "ChessBase"]
[SourceQuality "1"]

{[%evp 26,117,0,0,36,-108,28,28,45,29,37,22,35,16,50,50,45,14,21,0,0,0,15,2,58,62,54,54,63,57,68,31,43,47,35,33,32,36,44,0,7,0,0,0,0,0,0,0,0,0,0,0,0,0,0,-34,8,8,10,18,66,68,64,53,63,60,60,29,61,48,4,0,60,53,54,58,62,74,74,75,164,124,124,131,29976,29977,12795,9942,29973,29974,29992,29993,29993,29994]} 1. e4 e5 2. Nf3 Nc6 3. d4 exd4 4. Nxd4 Nf6 5. Nc3 Bb4 6. Nxc6 bxc6 7. Bd3 d5 8. exd5 cxd5 9. O-O O-O 10. Bg5 c6 11. Na4 h6 12. Bh4 Be6 13. c3 {C47: Schottisches Vierspringerspiel} Bd6 (13... Be7 14. Re1 Re8 15. Bc2 Nd7 16. Bxe7 Qxe7 17. f4 Qf6 18. Qd4 Qxd4+ 19. cxd4 g6 20. Rac1 Rab8 21. a3 Nb6 22. Nxb6 axb6 23. Ba4 Bd7 24. Re5 Ra8 25. Bb3 f6 26. Ree1 Kf7 27. Kf2 g5 {½-½ (27) Polgar,J (2701)-Giri,A (2722) Hoogeveen 2011}) 14. Bc2 {LiveBook: 3 Partien} Re8 15. Qd3 {[#]} ({Viel schlechter ist} 15. Bxf6 Qxf6 16. Re1 Rab8 $17) (15. Qd4 $14 {behält die Oberhand.}) 15... g5 $146 ({Lieber} 15... Bxh2+ $1 $17 {[%mdl 512]} 16. Kh1 (16. Kxh2 Ng4+ 17. Kg3 g5 $17) 16... Bb8) ({Vorgänger:} 15... Bxh2+ 16. Kxh2 Ng4+ 17. Kg3 g5 18. Qh7+ Kf8 19. Bf5 gxh4+ {1-0 (34) Diril,D (1754)-Komut,B (2008) Konya 2012}) 16. Bg3 $11 Bxg3 17. hxg3 Qd6 18. Qd4 Bg4 19. Rfe1 Be2 20. Nc5 Re7 21. Nb3 Rae8 22. Qc5 Qxc5 23. Nxc5 Nd7 24. Nb3 Nb6 (24... Bc4 $11 25. Rxe7 Rxe7) 25. Nd4 $1 $14 c5 $1 {[%cal Rc5d4]} 26. Nf5 Re6 27. b4 cxb4 28. cxb4 Bh5 29. Nxh6+ Kf8 30. Rxe6 fxe6 31. g4 Bf7 $1 32. Bd3 Rc8 33. Nxf7 Kxf7 $11 {[%mdl 4096] Endspiel KTL-KTS} 34. a4 Rc3 35. Be2 Nc4 36. b5 Na5 37. g3 e5 38. Kg2 {Weiss will Th1 spielen.} Rc2 39. Bd3 Rd2 40. Bf1 Rc2 {[%mdl 1024] Schwarz hat Kompensation.} 41. Rd1 Ke6 42. Bd3 Rb2 43. Bf5+ Kd6 44. Be4 $1 d4 45. Rc1 Re2 46. Bd3 Ra2 47. Rc8 Rxa4 48. f4 Ra2+ (48... gxf4 $11 49. gxf4 Ra3 50. fxe5+ Kxe5) 49. Kf3 $1 $14 Nb3 $1 {[%cal Rb3d2]} 50. Rc6+ Ke7 {Und ...Sd2+ würde nun gewinnen.} 51. Ke4 exf4 52. gxf4 gxf4 (52... Nd2+ $16 {war einen Versuch wert.} 53. Kxd4 gxf4) 53. Kxf4 Rf2+ {[#]} 54. Ke5 $1 {Und weiter mit Tc7+ wäre nett.} Rg2 $2 {[%mdl 8192]} (54... Rf3 $16) 55. Rc7+ Kd8 56. Rxa7 Rxg4 57. b6 {Weiß setzt Matt.} Rg5+ 58. Kd6 {[%cal Ra7a8]} Kc8 59. Be4 {Precision: Weiß = 65%, Schwarz = 53%.} 1-0

[Event "GCT Saint Louis Rapid 2018"]
[Site "Saint Louis"]
[Date "2018.08.11"]
[Round "2"]
[White "Vachier-Lagrave, Maxime"]
[Black "Anand, Viswanathan"]
[Result "1-0"]
[WhiteElo "2796"]
[BlackElo "2771"]
[Annotator "TA"]
[PlyCount "113"]
[EventDate "2018.08.11"]
[EventType "tourn"]
[EventCountry "USA"]
[SourceTitle "playchess.com"]
[Source "ChessBase"]
[SourceQuality "1"]

{[%evp 23,113,15,7,20,20,19,16,0,0,0,0,0,8,0,0,0,0,0,0,0,0,0,26,26,33,14,13,12,12,12,20,16,24,14,20,12,12,0,20,21,80,81,79,67,72,73,89,60,60,60,90,90,90,90,88,88,90,90,90,90,90,90,128,128,146,146,137,137,143,143,143,142,325,339,334,295,417,290,281,280,469,466,2094,1908,4602,1844,29979,29980,29979,29980,29979,29980]} 1. e4 e5 2. Nf3 Nc6 3. Bb5 Nf6 4. O-O Nxe4 5. d4 Nd6 6. Bxc6 dxc6 7. dxe5 Nf5 8. Qxd8+ Kxd8 9. h3 Ke8 10. Nc3 b6 {C67: Ruy Lopez: Berlin Defence: 4 0-0 Nxe4} 11. Rd1 Bb4 12. Ne2 Bb7 {LiveBook: 4 Games. The position is equal.} 13. Ned4 Nxd4 $1 14. Nxd4 Bc5 15. Nf5 Rg8 {[#]} 16. Be3 $146 ({Predecessor:} 16. g4 h5 17. Be3 {½-½ (43) Anand,V (2770)-Topalov,V (2761) Saint Louis 2016}) 16... Bc8 17. Nd4 Bd7 18. Rd3 Bxd4 19. Rxd4 c5 20. Rd2 Bc6 21. Rad1 Ke7 22. Bg5+ f6 23. Bh4 Kf7 24. Bg3 Rae8 25. exf6 gxf6 26. Kh2 Re7 27. f3 a5 28. Bf4 a4 29. c4 h5 30. h4 Rge8 31. Kg1 Re1+ (31... Ke6 $11) 32. Rxe1 $16 Rxe1+ {[%mdl 4096] Endgame KRB-KRB} 33. Kf2 Re7 34. Rd8 Be8 35. b3 axb3 36. axb3 c6 37. Rb8 b5 38. cxb5 cxb5 39. Bd6 Re6 40. Bxc5 Bc6 41. b4 Re8 42. Rb6 Re6 43. Kg3 Be8 44. Rb7+ Kg6 45. Kf4 Re5 46. g4 {[%cal Bg2g4,Bg4g5][%mdl 32]} Rd5 47. Rb6 {Black must now prevent g5.} Bd7 $2 {[#]} (47... hxg4 $16 48. fxg4 Bd7) 48. g5 $1 $18 Rf5+ 49. Kg3 Kf7 (49... Kh7 $142 50. f4 (50. Rxf6 Rxf6 51. gxf6 Kg6 $16) (50. gxf6 Kg6 $18) 50... fxg5 51. fxg5 Be8) 50. f4 {[%cal Bf3f4,Bf4f5][%mdl 32]} fxg5 51. hxg5 {[%cal Bh4g5,Bg5g6][%mdl 32]} Rd5 $2 {[#]} (51... h4+ {keeps fighting.} 52. Kf3 (52. Kxh4 Rxf4+ 53. Kh5 Bc8 $18) 52... h3) 52. Kh4 Rd3 (52... Kg7 $142 53. Bd6 (53. Kxh5 Rd2 $18) 53... Kg6 54. Be5+ Kf5) 53. f5 Rf3 54. Rb7 (54. g6+ $142 Kg7 55. Bd4+ Kh6 56. Be5) 54... Ke8 55. Rb8+ {White mates.} Kf7 56. g6+ Kf6 57. Rf8+ {Precision: White = 67%, Black = 49%.} 1-0

[Event "GCT Saint Louis Rapid 2018"]
[Site "Saint Louis"]
[Date "2018.08.11"]
[Round "2"]
[White "Aronian, Levon"]
[Black "Caruana, Fabiano"]
[Result "0-1"]
[WhiteElo "2794"]
[BlackElo "2785"]
[Annotator "TA"]
[PlyCount "70"]
[EventDate "2018.08.11"]
[EventType "tourn"]
[EventCountry "USA"]
[SourceTitle "playchess.com"]
[Source "ChessBase"]
[SourceQuality "1"]

{[%evp 23,70,3,11,0,0,0,0,-23,-17,-9,-10,-118,-83,-153,-48,-139,-83,-313,-306,-313,-308,-783,-379,-509,0,-500,-504,-488,-510,-491,-502,-493,-468,-626,-614,-644,-521,-971,-945,-986,-935,-1243,-1250,-2443,-2020,-29989,-29990,-29967,-29970]} 1. e4 c6 2. d4 d5 3. exd5 cxd5 4. Bd3 Nc6 5. c3 Nf6 6. Bf4 Bg4 7. Qb3 Qd7 8. Nd2 e6 9. Ngf3 Bd6 10. Bxd6 Qxd6 11. Qxb7 {B13: Caro-Kann: Exchange Variation and Panov-Botvinnik Attack} (11. O-O O-O 12. Rfe1 Nd7 13. a4 Qc7 14. Qa3 Bh5 15. a5 Rfe8 16. a6 b6 17. Bb5 Rec8 18. Re3 h6 {0-1 (70) Jumabayev,R (2612)-Riazantsev,A (2650) Riadh 2017}) 11... Rb8 12. Qa6 O-O {LiveBook: 5 Games} ({But not} 12... Rxb2 $6 13. Bb5 $16) 13. Bb5 {The position is equal.} Rb6 14. Qa4 Ne7 15. Ne5 Ng6 $146 ({Predecessor:} 15... Qb8 16. Bd3 Rxb2 17. Nb3 Ng6 18. O-O Be2 19. Bxe2 Rxe2 {0-1 (50) Larsson,A (2351)-Eriksson,A (2394) Sweden 2001}) 16. Nxg4 Nxg4 17. h3 (17. g3 $1 $11 {keeps the balance.}) 17... Nf6 $36 {[%cal Bg4f6,Bf6h5,Bh5g3][%mdl 3104] Strongly threatening ...Rfb8. Black has strong compensation. Black is on the roll.} 18. Nb3 (18. c4 $142 Qb8 19. Nb3) 18... e5 (18... Rfb8 $17 19. Be2 Nf4) 19. O-O (19. O-O-O $15) 19... e4 (19... Nf4 $142 $1 {White must now prevent ...Ne4.} 20. g3 Nxh3+ 21. Kg2 Ng5 22. dxe5 Qxe5) 20. Rfe1 $2 (20. c4 $17 Qb8 21. Nc5) 20... Nh5 $19 21. Bf1 Nh4 22. Qa5 $2 ({And not} 22. Qxa7 Nf4 $11) (22. Re3 Qf4 23. Nc5) 22... Qg6 (22... Qf4 $142 {( -> ...Nf3+!)} 23. a4 Rxb3 24. Qxd5 Rxb2) 23. Qxd5 {[#]} Nf3+ $1 24. Kh1 {[#]} Ng3+ $1 {[%mdl 512]} 25. fxg3 Qxg3 {[%csl Gf3][%cal Rg3h2]} 26. Qe5 Nxe5 27. dxe5 Qxe5 28. Rad1 f5 {[%cal Bf7f5,Bf5f4][%mdl 32]} 29. Rd7 Rd6 30. Rxa7 Qg3 31. Rb1 f4 {aiming for ...f3.} 32. Nc5 Qe3 33. b4 f3 34. Re7 fxg2+ 35. Bxg2 Rh6 {Precision: White =  5%, Black = 76%.} 0-1

[Event "GCT Saint Louis Rapid 2018"]
[Site "Saint Louis"]
[Date "2018.08.11"]
[Round "2"]
[White "Karjakin, Sergey"]
[Black "Dominguez Perez, Leinier"]
[Result "1-0"]
[WhiteElo "2791"]
[BlackElo "2754"]
[Annotator "TA"]
[PlyCount "55"]
[EventDate "2018.08.11"]
[EventType "tourn"]
[EventCountry "USA"]
[SourceTitle "playchess.com"]
[Source "ChessBase"]
[SourceQuality "1"]

{[%evp 16,55,15,-18,0,0,0,11,0,0,0,-8,3,1,35,16,58,63,152,161,156,18,50,52,54,0,0,0,0,-65,89,105,352,342,769,762,759,712,760,748,743,727]} 1. c4 e6 2. Nc3 d5 3. d4 Nf6 4. cxd5 Nxd5 5. e4 Nxc3 6. bxc3 c5 7. Rb1 Be7 {D35: Queen's Gambit Declined: Exchange Variation} 8. Nf3 O-O 9. h4 {LiveBook: 3 Games} Nc6 $146 {The position is equal.} ({Predecessor:} 9... cxd4 10. cxd4 Nc6 11. h5 f5 12. exf5 Qa5+ 13. Bd2 Qxf5 14. Bc3 h6 15. Bd3 {1-0 (41) Karjakin,S (2763)-Kramnik,V (2800) Berlin 2018}) 10. h5 h6 11. Bb5 Qc7 12. Rh3 Rd8 {Hoping for ...cxd4.} 13. Rg3 {Threatens to win with Bxh6.} Kh8 (13... Bd6 $5 14. e5 $8 Nxe5 15. dxe5 Bxe5 16. Qxd8+ Qxd8 17. Nxe5 Qd5 18. Bxh6 Qxe5+ 19. Be2 Qxg3 20. fxg3 gxh6 $11) 14. Kf1 a6 15. Bd3 cxd4 16. cxd4 {[%cal Bc3d4,Bd4d5][%mdl 32]} e5 (16... Bf8 $14) 17. d5 $1 $16 {[%cal Rd5c6]} Nb4 18. Nxe5 (18. Be2 $1 $16) 18... Bd6 $1 $11 (18... Qxe5 $2 19. Bb2 $18) 19. Rxb4 {Rc4 is the strong threat.} Bxe5 ({Much weaker is} 19... Bxb4 $6 20. Bb2 $16) 20. Re3 (20. Rc4 $14 Qd6 21. Re3) 20... Qe7 $1 {[%cal Re7b4]} 21. Bb2 $1 $36 {[%mdl 2048] White fights for an advantage.} Bf4 22. Qa1 (22. Qf3 $11 Qxb4 23. Bxg7+ $1 {[%mdl 512]} Kxg7 24. Qxf4) 22... f6 $2 {[#]} (22... Qxb4 $2 {loses.} 23. Bxg7+ Kh7 24. Qf6 $18) (22... Bxe3 $15 {stays ahead.} 23. Bxg7+ Kg8 24. fxe3 Qxb4 25. Bxh6 f6 $1 {[%mdl 512]} 26. Qxf6 Rf8 27. Bxf8 (27. Qxf8+ Qxf8+ 28. Bxf8 Kxf8 $15) 27... Qxf8 28. Qxf8+ Kxf8) 23. Rf3 $1 $16 {[%cal Rf3f4]} Bg5 $2 (23... Qd6 $16) 24. Rb6 $18 Rf8 $2 (24... Qc7) 25. e5 {White is clearly winning.} fxe5 26. Rxf8+ Qxf8 27. Bxe5 {Intending Rg6 and mate.} Be3 {[#]} 28. Bxg7+ $1 {[%mdl 512] Precision: White = 61%, Black = 39%.} 1-0

[Event "GCT Saint Louis Rapid 2018"]
[Site "Saint Louis"]
[Date "2018.08.11"]
[Round "2"]
[White "Mamedyarov, Shakhriyar"]
[Black "Grischuk, Alexander"]
[Result "1/2-1/2"]
[WhiteElo "2782"]
[BlackElo "2782"]
[Annotator "TA"]
[PlyCount "104"]
[EventDate "2018.08.11"]
[EventType "tourn"]
[EventCountry "USA"]
[SourceTitle "playchess.com"]
[Source "ChessBase"]
[SourceQuality "1"]

{[%evp 17,104,16,23,9,14,0,0,0,8,-41,-33,-25,-8,-56,-44,-60,-59,-49,-35,-35,-34,-51,-14,-26,0,0,11,0,0,0,0,0,0,0,4,0,0,0,35,0,48,40,243,264,336,331,310,370,366,356,350,337,518,514,518,518,510,503,447,432,389,262,249,237,231,0,0,0,0,0,0,0,0,0,0,0,0,-15,0,0,0,0,0,0,0,0,0,0,0]} 1. d4 {Mekhitarian,K} Nf6 2. c4 g6 3. g3 Bg7 4. Bg2 O-O 5. Nc3 Nc6 6. Nf3 d5 7. cxd5 Nxd5 8. O-O e5 {D74: Fianchetto Grünfeld: Main Line (5 Nf3 0-0 6 cxd5 Nxd5 7 0-0)} (8... Bf5 9. Nh4 Be6 10. Nf3 Nb6 11. e3 Bc4 12. Re1 e5 13. Nxe5 Nxe5 14. dxe5 Bxe5 15. Bxb7 Rb8 16. Bg2 {½-½ (62) So,W (2778)-Vachier Lagrave,M (2789) Stavanger 2018}) 9. Bg5 f6 {LiveBook: 3 Games} 10. Bd2 Nxc3 11. bxc3 $146 ({Predecessor:} 11. Bxc3 e4 12. Nd2 f5 13. Qb3+ Kh8 14. e3 Ne7 15. Bb4 Re8 16. Nc4 {½-½ (63) Michalik,P (2586)-Mekhitarian,K (2568) Tromsoe 2014 CBM 162 [Mekhitarian,K]}) 11... e4 12. Ne1 f5 13. Qb3+ Kh8 14. Rd1 b6 15. Nc2 Na5 16. Qb1 Ba6 17. Rfe1 Nc4 18. Bc1 Qd7 19. f3 exf3 20. exf3 Rae8 21. Bf1 c5 22. dxc5 Qc6 23. Nd4 Qxc5 24. Kg2 {Threatening Ne6.} Qc8 25. Qb4 Ne5 26. Bxa6 Qxa6 27. Qb5 Qxa2+ 28. Re2 (28. Rd2 $5 {[%cal Rd2a2]} Qf7 29. Rde2 $16) 28... Qf7 29. Rde1 $1 $36 {[%cal Re2e5][%mdl 3072] White has compensation. Black is under pressure.} Nd7 $2 (29... a6 $1 $14 30. Qxa6 Nd7) 30. Ne6 $18 a6 31. Qc6 Rc8 32. Qd6 Nc5 33. Nxf8 Bxf8 34. Re7 ({Don't take} 34. Qxb6 Kg8 $18) 34... Qa2+ (34... Kg8 {might work better.} 35. Rxf7 Bxd6) 35. Kh3 {[#] Intending Bh6 and mate.} Kg8 36. Re8 Rxe8 37. Rxe8 {[%csl Ge8][%cal Rd6f8]} Qf7 38. Ra8 {Threatening mate with Bh6.} f4 39. Bxf4 {[#] aiming for Kg2.} g5 40. Bxg5 Qxf3 41. Rb8 $2 (41. Rd8 $18 Qh5+ 42. Bh4 (42. Kg2 Qe2+ 43. Kh3 Ne6 $14) 42... Qf5+ 43. Kg2) 41... Qh5+ $1 $11 {The position is equal.} 42. Bh4 {[%csl Gb8][%cal Rd6f8]} Qf5+ 43. Kg2 {Hoping for Qf4.} Qe4+ 44. Kf1 {[%csl Gb8][%cal Rd6f8]} Qf3+ 45. Ke1 {Qd1 is the strong threat.} Qxc3+ 46. Ke2 {[%csl Gb8][%cal Rd6f8]} Qc4+ 47. Ke1 {[%csl Gb8][%cal Rd6f8]} Qe4+ 48. Kd2 {[%csl Gb8][%cal Rd6f8]} Qb4+ 49. Kd1 {[%csl Gb8][%cal Rd6f8]} Qb1+ 50. Ke2 {[%csl Gb8][%cal Rd6f8]} Qe4+ 51. Kd1 {[%csl Gb8][%cal Rd6f8]} Qb1+ 52. Ke2 {[%csl Gb8][%cal Rd6f8]} Qe4+ {Precision: White = 72%, Black = 58%.} 1/2-1/2